000 00223nam a22000857a 4500
008 170202b xxu||||| |||| 00| 0 eng d
100 _92746
_aKinnear.T.C.etal.
245 _aMarketing Research
260 _aNew Delhi
_bE.D.Gal.
_c1991
999 _c5930
_d5930